इसे छोड़कर सामग्री पर बढ़ने के लिए
Inicio
Centros participantes
Catálogo
Servicios
Contacto
लॉग इन करें
English
Deutsch
Español
Français
Italiano
日本語
Nederlands
Português
Português (Brasil)
中文(简体)
中文(繁體)
Türkçe
עברית
Gaeilge
Cymraeg
Ελληνικά
Català
Euskara
Русский
Čeština
Suomi
Svenska
polski
Dansk
slovenščina
اللغة العربية
বাংলা
Galego
Tiếng Việt
Hrvatski
हिंदी
Հայերէն
Українська
Sámegiella
भाषा
सभी फ़ील्ड्स
शीर्षक
लेखक
विषय
बोधानक
आईएसबीएन / आईएसएसएन
टैग
खोज
उन्नत
Luchas y esperanzas 100 años d...
इसे उद्धृत करें
इसे ईमेल करें
प्रिंट
निर्यात रिकॉर्ड
को निर्यात RefWorks
को निर्यात EndNoteWeb
को निर्यात EndNote
सूची में सहेजें
स्थायी लिंक
पहली रेटिंग जोड़ें
Luchas y esperanzas 100 años de historia doble e inconclusa del cantón de Limón
में बचाया:
ग्रंथसूची विवरण
निगमित लेखक:
Municipalidad de Limón. (Costa Rica)
स्वरूप:
मूलपाठ
प्रकाशित:
Limón:
ML
टैग:
टैग जोड़ें
कोई टैग नहीं, इस रिकॉर्ड को टैग करने वाले पहले व्यक्ति बनें!
होल्डिंग्स
विवरण
टिप्पणियाँ
समान संसाधन
स्टाफ के लिए
MARC
LEADER
00000 a a2200000 04500
001
26569
003
040
090
|a
149000
110
|a
Municipalidad de Limón. (Costa Rica)
245
|a
Luchas y esperanzas 100 años de historia doble e inconclusa del cantón de Limón
260
|a
Limón:
|b
ML
300
|a
367 p.
|b
il.
999
|c
12523
|d
12523
समान संसाधन
El Castillo. La colonización y las empresas madereras en una zona de amortiguamiento /
द्वारा: Larson, Anne M.
El Sauce. La organización comunitaria como base para el desarrollo /
द्वारा: Martínez Vega, Thelma
Biblioteca Nacional: 100 años de historia /
द्वारा: Brenes Rosales, Raymundo
प्रकाशित: (1988)
Becheret, 100 años
प्रकाशित: (1994)
Biblioteca Nacional 100 años de historia: 1888-1989 /
द्वारा: Brenes Rosales, Raymundo 1943-, और अन्य
प्रकाशित: (1988)